Statistics for イスラエルの失われた10支族

Click here to take the quiz!

General Stats

  • This quiz has been taken 2 times
  • The average score is 5 of 10

Answer Stats

Answer% Correct
アシェル族
100%
ルベン族
50%
シメオン族
50%
ガド族
50%
イッサカル族
50%
ゼブルン族
50%
マナセ族
50%
エフライム族
50%
ダン族
0%
ナフタリ族
0%

Score Distribution

Percentile by Number Answered

Percent of People with Each Score

Your Score History

You have not taken this quiz